Tribhuvan University Central Library

How nepali english teachers enhance their english during their career: a narrative inquiry (Record no. 108199)

MARC details
000 -LEADER
fixed length control field 00526nam a22001817a 4500
008 - FIXED-LENGTH DATA ELEMENTS--GENERAL INFORMATION
fixed length control field 230303b |||||||| |||| 00| 0 eng d
020 ## - INTERNATIONAL STANDARD BOOK NUMBER
International Standard Book Number 9783969391334
041 ## - LANGUAGE CODE
Language code of text/sound track or separate title Eng
082 ## - DEWEY DECIMAL CLASSIFICATION NUMBER
Classification number 420.7/Po399h
100 ## - MAIN ENTRY--PERSONAL NAME
Personal name Paudyal, Rishi Ram
245 ## - TITLE STATEMENT
Title How nepali english teachers enhance their english during their career: a narrative inquiry
260 ## - PUBLICATION, DISTRIBUTION, ETC.
Place of publication, distribution, etc. Muenchen:
Name of publisher, distributor, etc. Lincom Gmbh,
Date of publication, distribution, etc. 2022.
300 ## - PHYSICAL DESCRIPTION
Extent viii;126p.
500 ## - GENERAL NOTE
General note Ref:p115-126
650 ## - SUBJECT ADDED ENTRY--TOPICAL TERM
Topical term or geographic name entry element English language
650 ## - SUBJECT ADDED ENTRY--TOPICAL TERM
Topical term or geographic name entry element English education
942 ## - ADDED ENTRY ELEMENTS (KOHA)
Source of classification or shelving scheme Dewey Decimal Classification
Koha item type General Collections
Holdings
Withdrawn status Lost status Source of classification or shelving scheme Damaged status Not for loan Home library Current library Shelving location Date acquired Total Checkouts Full call number Barcode Date last seen Price effective from Koha item type
    Dewey Decimal Classification     Tribhuvan University Central Library Tribhuvan University Central Library New Building 03/03/2023   420.7/Po399h G89287 03/03/2023 03/03/2023 General Collections